| 000 | 00359nam a2200157Ia 4500 | ||
|---|---|---|---|
| 008 | 221030s9999 xx 000 0 und d | ||
| 020 | _a8124201056 | ||
| 041 | _aEnglish | ||
| 082 |
_a105.23 _bDeu |
||
| 100 | _aP. Deussan | ||
| 245 | 0 | _aOutlives of Indian Philosophy | |
| 260 |
_bJaico Pub _aDelhi _c1996 |
||
| 300 | _a57 | ||
| 650 | _aGeneral | ||
| 942 | _cBK | ||
| 999 |
_c1249 _d1249 |
||